| 000 | 01205nam a2200361 a 4500 | ||
|---|---|---|---|
| 003 | AR-BaBNM | ||
| 005 | 20251128205249.0 | ||
| 008 | 082120s2002 ||||||||||||||000 | spa|| | ||
| 020 | _a950-503-141-6 | ||
| 040 | _cAR-BaBNM | ||
| 100 | 1 | _aCristalli, Marta Graciela | |
| 245 | 0 | 0 | _aCarpeta de actividades para metodología de estudios 2do año |
| 260 |
_aBuenos Aires _bMarymar _c[ca. 1980] |
||
| 300 |
_a109 p. _btablas |
||
| 490 | 0 | _aEl maestro en su acción cotidiana. El estudiante en acción | |
| 500 | _aPara nivel secundario, profesorado nivel elemental y planeamiento, conducción y evaluación del aprendizaje y práctica de la enseñanza | ||
| 650 | 4 | _aMETODOS DE ESTUDIO | |
| 650 | 4 | _aFORMACION DE DOCENTES | |
| 650 | 4 | _aTECNICAS DE ENSEÑANZA | |
| 650 | 4 | _aTECNICAS DIDACTICAS | |
| 650 | 4 | _aBIBLIOTECAS | |
| 650 | 4 | _aRESUMENES | |
| 650 | 4 | _aCUESTIONARIOS | |
| 650 | 4 | _aDINAMICA DE GRUPO | |
| 650 | 4 | _aACTIVIDADES DE APRENDIZAJE | |
| 653 | _aEDUCACION SECUNDARIA | ||
| 653 | _aPROCESO DE ENSEÑANZA-APRENDIZAJE | ||
| 700 | 1 | _aMarinelli, Hilda Ana | |
| 700 | 1 | _aMartínez de Pérez, Norma | |
| 800 | 1 |
_aRatto, Jorge A. _edirector |
|
| 942 | _cBK | ||
| 998 | _cCarmen | ||
| 999 |
_c10647 _d10647 |
||